01659 a2200217 45000010006000000050017000060080041000230030015000640400040000790800022001192450014001412640080001553000017002355051070002520410008013221000022013307000027013527000021013797000023014007000018014232908720260407155600.0260407a1965 arg spa dAR-UNSa-BCEJYS aAR-UNSa-BCEJYSbspacAR-UNSa-BCEJYS a657xContabilidad10aAuditoria 1aMéxico :bUnión Tipográfica Editorial Hispano-Americana (UTEHA)c1965 a2 v.c23 cm. aVol. XII: Principio y procedimiento 1. Concepto moderno de la auditoría - 2. Informes. Organización del Personal - 3. Etica profesional y responsabilidad legal - 4. Auditoria interna. Control interno. Fraude - 5. Principio de la auditoría - 6. Programas de auditoria y papeles de trabajo de auditoria - 7. Examen de documentos originales - 8. Fondos de caja chica - 9. Efectivo: en caja y Banco; ingresos y egresos - 10. Cuentas por cobrar y perdidas en los creditos - 11. Documentos y aceptaciones por cobrar e ingresos correspondientes - 12. Inventarios y costos de ventas - 13. Inversiones y sus ingresos - 14. Gastos pagados por anticipado, cargos diferidos y aplicación de gastos - 15. Activo fijo tangible y gastos relacionados - 16. Activo intangible - 17. Pasivo circulante - 18. Pasivo a largo plazo - 19. Propiedad - 20. Examen de ingresos y gastos - 21. Conclusión de la auditoria - 22. Preparación de los estados financieros - 23. Informes de auditoria - 24. Servicio consultivo en administración. -- Vol. XIII: Prácticas de auditoría aspa1 aHolmes, Arthur W.1 aContro Malo, Francisco1 aPoulat, Julio R.1 aDel Castillo, I.G.1 aCivera, Marin